00510nam a22001697a 450000500170000001000140001702000270003102000240005803500130008203700130009508200150010810000230012324500680014626000430021427000550025730000280031220100731154658.0 aENG-97497 a9788172112745c1250.00 a8172112742c1250.00 aEN-81030 bDBAD/PUB a677.130954 aRoul, Chhabilendra aThe international jute commodity system /cby Chhabilendra Roul aNew Delhi bNorthern Book Centrec2009 a4221/1, Ansari Road, DaryaganjbNew Delhi e110002 axxxiii, 294p.c27cm(Hb)